Statistics for Top 15 Biggest US states

Click here to take the quiz!

General Stats

  • This quiz has been taken 23 times
  • The average score is 13 of 15

Answer Stats

HintAnswer% Correct
586,000 sq milesAlaska
100%
155,959 sq milesCalifornia
100%
261,232 sq milesTexas
100%
103,641 sq milesColorado
95%
109,781 sq milesNevada
95%
113,594 sq milesArizona
89%
145,552 sq milesMontana
89%
76,824 sq milesNebraska
89%
121,298 sq milesNew Mexico
89%
79,626 sq milesMinnesota
84%
97,093 sq milesWyoming
84%
82,643 sq milesIdaho
79%
95,988 sq milesOregon
79%
82,169 sq milesUtah
79%
81,758 sq milesKansas
74%

Score Distribution

Percentile by Number Answered

Percent of People with Each Score

Your Score History

You have not taken this quiz